000 00319nam a2200109Ia 4500
008 230320s9999||||xx |||||||||||||| ||spa||
082 _a158.1/H22
100 _aHarrold, Fiona
245 0 _aSé Tu Propio Coach Y Mejora Tu Vida : Cómo Dirigir Tu Vida Y Hacer Realidad Tus Sueños
260 _bObelisco
942 _80
_cLIB
999 _c46749
_d46749